My, Slovák a Čech, americkí občania

Bibliographic Details
Main Authors: Fábry, Milan (Author), Povolný, Mojmír, 1921- (Author)
Format: Article
Language:Czech
PhysicalDescription:Fotogr. 3
Subjects:

MARC

LEADER 00000nab a2200000 a 4500
001 vtls000565530
003 SK-MaSNL
005 20260305043709.0
008 160202c1995 xo 0 cze
015 |a SNBRB19rr/mm-uuuuu 
035 |a CL0565668 
040 |a SNKBUCL  |b slo  |c SNKBUCL  |e AACR2 
041 0 |a cze 
044 |a xo  |c SK 
080 |a 323.113(73=850=854):061.2  |2 1981 
100 1 |a Fábry, Milan  |4 aut  |9 1015303 
245 1 0 |a My, Slovák a Čech, americkí občania  |c Milan Fábry, Mojmír Povolný 
300 |b Fotogr. 3 
650 0 7 |a Slováci  |2 snkbucl  |9 22552 
650 0 7 |a Česi  |2 snkbucl  |9 24818 
650 0 7 |a Rada pre vzájomnosť Čechov a Slovákov  |2 snkbucl  |9 1626361 
651 7 |a Spojené štáty americké  |2 snkbucl  |9 18262 
655 7 |a články z novín a časopisov  |2 snkbucl  |9 267496 
700 1 |a Povolný, Mojmír,  |d 1921-  |4 aut  |9 98805 
773 0 |t Mosty  |g Roč. 4, č. 43 (1995), s. 1-2 
850 |a Slovenská národná knižnica v Martine  |a MTA001 
852 |a SNK  |b KIS3GCP 
958 |a RK 
958 |a CZ 
958 |a SK 
992 |a RBX 
999 |c 3354731  |d 3356661